Aspekty ďalšieho vzdelávania a kariérneho rastu zamestnancov v zdravotníctve

Konkrétne potreby zamestnancov zdravotníctva, ktoré aktivujú záujem o zvyšovanie ich vedomosti a zručnosti aj v nezdravotníckej oblasti. Motivačné faktory a ich motivačná silu, ktorá má dosah na ich kariérny rast v horizontálnej aj vertikálnej rovine. Teoretické východiská v oblasti motivácie pre ka...

ver descrição completa

Na minha lista:
Detalhes bibliográficos
Autor principal: Gažová Adamková, Hana, 1969-
Formato: Capítulo de Livro
Idioma:eslovaco
Assuntos:
Tags: Adicionar Tag
Sem tags, seja o primeiro a adicionar uma tag!

MARC

LEADER 00000naa a2200000 4500
001 0248851
005 20240502073959.6
041 0 |a slo 
044 |a SK 
245 1 0 |a Aspekty ďalšieho vzdelávania a kariérneho rastu zamestnancov v zdravotníctve  |c Hana Gažová Adamková 
520 |a Konkrétne potreby zamestnancov zdravotníctva, ktoré aktivujú záujem o zvyšovanie ich vedomosti a zručnosti aj v nezdravotníckej oblasti. Motivačné faktory a ich motivačná silu, ktorá má dosah na ich kariérny rast v horizontálnej aj vertikálnej rovine. Teoretické východiská v oblasti motivácie pre kariérny rast. 
610 2 0 |a kariéra 
610 2 0 |a zamestnanci 
610 2 0 |a zdravotníctvo 
610 2 0 |a motivácia pracovná 
100 1 |a Gažová Adamková, Hana, 1969-